00395nam a2200157Ia 45000010006000000050017000060080041000230410008000640820016000721000040000882450056001282600009001843000028001936500008002216540008002291899120260306171711.0260306s9999||||xx |||||||||||||| ||und|| aESP a658.72bC33 aCastañeda Santos, VictorianoeAUT 0aManual para el abastecimiento de bienes y servicios c2004 a605 páginas :c21 cm. aGEN aCAN